000
00383nam a22001697a 4500
003
MPLRDC
005
20220104143212.0
008
210129b ||||| |||| 00| 0 eng d
082
_a
868.71 NYSB*
100
_a
南洋商报
245
_a
粉红色的人生
_c
250
_a
初版
260
_a
_b
南洋商报
_c
1986
300
_b
平
650
_a
942
_c
BK
_o
868.71 NYSB*
999
_c
37600
_d
37590